[Event "Belgrade Serbia op"]
[Site "Belgrade"]
[Date "2021.07.06"]
[Round "6"]
[White "Gombocz, Ferenc Jr"]
[Black "Skonnord, Uno"]
[Result "1-0"]
[WhiteElo "2236"]
[BlackElo "2112"]
[PlyCount "71"]
[EventDate "2021.07.02"]
[EventType "swiss"]
[EventRounds "9"]
[EventCountry "SRB"]
[SourceTitle "EXT 2022"]
[Source "ChessBase"]
[SourceDate "2021.10.06"]
[SourceVersion "1"]
[SourceVersionDate "2021.10.06"]
[SourceQuality "1"]

1. c4 Nf6 2. g3 g6 3. Bg2 Bg7 4. Nc3 0-0 5. e4 d6 6. Nge2 c5 7. 0-0 Nc6 8. d3 Rb8 9. h3 a6 10. a4 Bd7 11. Be3 Ne8 12. d4 cxd4 13. Nxd4 Nc7 14. Nde2 b5 15. axb5 axb5 16. c5 dxc5 17. Bxc5 b4 18. Nd5 Ne6 19. Be3 Bxb2 20. Rb1 Ba3 21. f4 Rb7 22. f5 Nc7 23. Bb6 Qc8 24. Bxc7 Rxc7 25. f6 exf6 26. Nxf6+ Kg7 27. Qd6 Rd8 28. Nd5 Ra7 29. Qf6+ Kg8 30. Qxf7+ Kh8 31. Nef4 Rg8 32. Qf6+ Rg7 33. Nb6 Qd8 34. Nxd7 Qxd7 35. Ne6 Ra6 36. Qf8+ 1-0

[Event "Belgrade Serbia op"]
[Site "Belgrade"]
[Date "2021.07.06"]
[Round "7"]
[White "Grezels, Florian"]
[Black "Skonnord, Uno"]
[Result "1-0"]
[WhiteElo "2219"]
[BlackElo "2112"]
[PlyCount "65"]
[EventDate "2021.07.02"]
[EventType "swiss"]
[EventRounds "9"]
[EventCountry "SRB"]
[SourceTitle "EXT 2022"]
[Source "ChessBase"]
[SourceDate "2021.10.06"]
[SourceVersion "1"]
[SourceVersionDate "2021.10.06"]
[SourceQuality "1"]

1. e4 c5 2. Nf3 g6 3. d4 cxd4 4. Nxd4 Bg7 5. Nc3 Nc6 6. Be3 Nf6 7. Bc4 0-0 8. Bb3 d6 9. f3 Bd7 10. Qd2 Nxd4 11. Bxd4 b5 12. a4 bxa4 13. Bxa4 Bxa4 14. Rxa4 Qb8 15. 0-0 Qb7 16. Rfa1 a6 17. Qd3 Nd7 18. Bxg7 Kxg7 19. Qd4+ Kg8 20. Nd5 Rfe8 21. b4 e6 22. Ne3 Nb6 23. Ra5 Red8 24. c4 Nc8 25. b5 e5 26. Qd2 Nb6 27. Rxa6 Rxa6 28. bxa6 Qa7 29. Kh1 Rc8 30. Qxd6 Nxc4 31. Nxc4 Rxc4 32. h3 Rc5 33. Qxc5 1-0

[Event "Veliko Gradiste Silver Lake op-A"]
[Site "Veliko Gradiste"]
[Date "2021.06.23"]
[Round "1"]
[White "Skonnord, Uno"]
[Black "Strikovic, Aleksa"]
[Result "1/2-1/2"]
[WhiteElo "2112"]
[BlackElo "2469"]
[PlyCount "65"]
[EventDate "2021.06.23"]
[EventType "swiss"]
[EventRounds "9"]
[EventCountry "SRB"]
[SourceTitle "CBM 203 Extra"]
[Source "ChessBase"]
[SourceDate "2021.09.30"]
[SourceVersion "1"]
[SourceVersionDate "2021.09.30"]
[SourceQuality "1"]

1. e4 d6 2. d4 Nf6 3. Nc3 e5 4. Nf3 Nbd7 5. Bc4 Be7 6. 0-0 0-0 7. a4 a5 8. Re1 c6 9. h3 Nb6 10. Ba2 Nfd7 11. Be3 exd4 12. Nxd4 Nc5 13. Qh5 Ncxa4 14. Nxa4 Nxa4 15. Nf3 Nb6 16. Ng5 Bxg5 17. Bxg5 Qc7 18. Re3 Kh8 19. Rg3 f6 20. Bf4 Qe7 21. Rd1 d5 22. exd5 Nxd5 23. Bxd5 cxd5 24. Qxd5 Be6 25. Qb5 Qf7 26. Rc3 h6 27. Rc7 Qg6 28. Bg3 Bf5 29. Rxb7 Bxc2 30. Rdd7 Rg8 31. Rd4 Bf5 32. Rf4 Be6 33. Re7 1/2-1/2

[Event "Bassano del Grappa Vergani Cup Elitte-A"]
[Site "Bassano del Grappa"]
[Date "2021.01.06"]
[Round "6"]
[White "Atanasov, Anthony"]
[Black "Skonnord, Uno"]
[Result "1-0"]
[WhiteElo "2182"]
[BlackElo "2137"]
[PlyCount "129"]
[EventDate "2021.01.03"]
[EventType "swiss"]
[EventRounds "9"]
[EventCountry "ITA"]
[SourceTitle "EXT 2022"]
[Source "ChessBase"]
[SourceDate "2021.10.06"]
[SourceVersion "1"]
[SourceVersionDate "2021.10.06"]
[SourceQuality "1"]

1. d4 Nf6 2. Nf3 g6 3. Bf4 Bg7 4. e3 0-0 5. Be2 d6 6. 0-0 b6 7. c4 Bb7 8. Nc3 c5 9. d5 Nbd7 10. e4 Nh5 11. Be3 Nhf6 12. h3 a6 13. Qc2 Qc7 14. Nd2 e6 15. a4 exd5 16. cxd5 Rfe8 17. Bf4 Nxd5 18. exd5 Bxc3 19. bxc3 Rxe2 20. Be3 Rxe3 21. fxe3 Bxd5 22. Qd3 Bb7 23. e4 Ne5 24. Qe3 Re8 25. Rf4 Qc6 26. c4 f5 27. Kh1 Nf7 28. Raf1 Ng5 29. Rxf5 Nxe4 30. Nxe4 Qxe4 31. Qg3 Qxc4 32. Rf6 Qe2 33. R1f2 Qe1+ 34. Kh2 Qe5 35. Qxe5 dxe5 36. Rxb6 Re7 37. Rfb2 Be4 38. Rb8+ Kf7 39. Rc8 Bd3 40. Rxc5 e4 41. Rc1 Ke6 42. Kg3 Rf7 43. Rf2 Rb7 44. Kf4 Kd5 45. Rc8 Rb4 46. a5 Ra4 47. Ke3 Ra3 48. Rd8+ Ke5 49. Re8+ Kd5 50. Rd2 Kc5 51. Re5+ Kb4 52. Rb2+ Kc4 53. Rb6 Bf1+ 54. Kxe4 Bxg2+ 55. Kf4 Rf3+ 56. Kg4 Ra3 57. Rxa6 Bxh3+ 58. Kg5 Bf5 59. Rb6 Kd4 60. Kf4 Bd3 61. Rd6+ Kc4 62. Re3 g5+ 63. Kg3 Rxa5 64. Rexd3 h5 65. R6d4+ 1-0

[Event "Bassano del Grappa Vergani Cup Elitte-A"]
[Site "Bassano del Grappa"]
[Date "2021.01.04"]
[Round "2"]
[White "Proietti, Tosca"]
[Black "Skonnord, Uno"]
[Result "0-1"]
[WhiteElo "1878"]
[BlackElo "2137"]
[PlyCount "110"]
[EventDate "2021.01.03"]
[EventType "swiss"]
[EventRounds "9"]
[EventCountry "ITA"]
[SourceTitle "EXT 2022"]
[Source "ChessBase"]
[SourceDate "2021.10.06"]
[SourceVersion "1"]
[SourceVersionDate "2021.10.06"]
[SourceQuality "1"]

1. e4 c5 2. Nc3 Nc6 3. g3 g6 4. Bg2 Bg7 5. d3 d6 6. Be3 Rb8 7. Qd2 b5 8. Nge2 b4 9. Nd1 Nd4 10. 0-0 e6 11. Nc1 Ne7 12. c3 bxc3 13. bxc3 Ndc6 14. Bh6 0-0 15. Bxg7 Kxg7 16. Ne3 d5 17. exd5 exd5 18. Nb3 Qd6 19. d4 c4 20. Nc5 Nd8 21. Rab1 Rb6 22. Rfe1 h5 23. Qe2 Ne6 24. Rbd1 Rb5 25. Nxd5 Nxd5 26. Qxc4 Ndc7 27. Nxe6+ fxe6 28. d5 Bd7 29. Qd4+ Kg8 30. c4 Ra5 31. Rd2 Re8 32. Rc1 Rc5 33. Rcd1 Na8 34. Qc3 Nb6 35. Rd4 Rec8 36. Qa3 R8c7 37. Bf1 Nc8 38. Qb4 Qb6 39. Qd2 Nd6 40. Rc1 Rc8 41. Qg5 Re8 42. Qf4 Nf5 43. Rd3 Qd6 44. Qd2 e5 45. Rb3 Nd4 46. Rd3 Qf6 47. f4 Nf5 48. Rb3 h4 49. Qf2 Rec8 50. Bg2 Rxc4 51. Rxc4 Rxc4 52. Qxa7 Rc1+ 53. Bf1 Qe7 54. g4 Rxf1+ 55. Kxf1 Bb5+ 0-1

[Event "Bassano del Grappa Vergani Cup Elitte-A"]
[Site "Bassano del Grappa"]
[Date "2021.01.03"]
[Round "1"]
[White "Skonnord, Uno"]
[Black "Warmerdam, Max"]
[Result "0-1"]
[WhiteElo "2137"]
[BlackElo "2506"]
[PlyCount "58"]
[EventDate "2021.01.03"]
[EventType "swiss"]
[EventRounds "9"]
[EventCountry "ITA"]
[SourceTitle "EXT 2022"]
[Source "ChessBase"]
[SourceDate "2021.10.06"]
[SourceVersion "1"]
[SourceVersionDate "2021.10.06"]
[SourceQuality "1"]

1. e4 c5 2. Nc3 d6 3. d4 cxd4 4. Qxd4 Nc6 5. Qd2 g6 6. b3 Bh6 7. f4 f5 8. Bb2 Nf6 9. 0-0-0 Rf8 10. Nge2 fxe4 11. h3 Nh5 12. Nd5 e6 13. g4 exd5 14. gxh5 Be6 15. hxg6 hxg6 16. Rg1 Ne7 17. Kb1 Qd7 18. Bd4 a6 19. Be3 Bg7 20. Nd4 Bxh3 21. Qb4 Bg4 22. Rd2 Rc8 23. Rh2 Rh8 24. Rhg2 Bf5 25. Be2 Qc7 26. Rc1 Qc3 27. Qxd6 Bxd4 28. Bxd4 Qxd4 29. Rd1 Qc5 0-1

[Event "Bronshoj Lang Weekend"]
[Site "Copenhagen"]
[Date "2018.02.17"]
[Round "5"]
[White "Pedersen, Nicolai Kvist Brond"]
[Black "Skonnord, Uno"]
[Result "1-0"]
[WhiteElo "2166"]
[BlackElo "2137"]
[PlyCount "93"]
[EventDate "2018.02.15"]
[EventType "swiss"]
[EventRounds "7"]
[EventCountry "DEN"]
[SourceTitle "CBM 183 Extra"]
[Source "ChessBase"]
[SourceDate "2018.04.19"]
[SourceVersion "1"]
[SourceVersionDate "2018.04.19"]
[SourceQuality "1"]

1. d4 Nf6 2. c4 g6 3. Nf3 Bg7 4. Nc3 0-0 5. Bg5 c5 6. d5 d6 7. Nd2 Na6 8. e3 Nc7 9. Be2 b5 10. Bxf6 Bxf6 11. cxb5 Rb8 12. Rb1 Bxc3 13. bxc3 Nxd5 14. Qb3 Be6 15. c4 Nf6 16. 0-0 Qa5 17. Rfd1 Rfd8 18. Bf3 Nd7 19. Ne4 Ne5 20. Nd2 Nxf3+ 21. Nxf3 Bg4 22. a4 Rb6 23. Ra1 Bxf3 24. gxf3 Rb7 25. Qd3 Qc7 26. e4 Qd7 27. Qd5 Rdb8 28. Kg2 Kg7 29. e5 Qe6 30. exd6 exd6 31. Rd3 Qf6 32. Rad1 Rd7 33. Re1 Rbd8 34. Rde3 Kf8 35. Kg3 h5 36. a5 h4+ 37. Kg2 Kg7 38. Re8 Rxe8 39. Rxe8 Qa1 40. h3 Qxa5 41. Qg5 f6 42. Qxh4 g5 43. Qh5 Qc3 44. Rh8 Qd3 45. Qh6+ Kf7 46. Rf8+ Ke7 47. Qxf6# 1-0

[Event "Bronshoj Lang Weekend"]
[Site "Copenhagen"]
[Date "2018.02.16"]
[Round "2"]
[White "Skonnord, Uno"]
[Black "Larsen, Ulrik"]
[Result "1-0"]
[WhiteElo "2137"]
[BlackElo "1998"]
[PlyCount "45"]
[EventDate "2018.02.15"]
[EventType "swiss"]
[EventRounds "7"]
[EventCountry "DEN"]
[SourceTitle "CBM 183 Extra"]
[Source "ChessBase"]
[SourceDate "2018.04.19"]
[SourceVersion "1"]
[SourceVersionDate "2018.04.19"]
[SourceQuality "1"]

1. e4 e5 2. Nf3 Nc6 3. Nc3 Nf6 4. Bb5 Bd6 5. d3 a6 6. Ba4 0-0 7. Bg5 h6 8. Bh4 b5 9. Bb3 Be7 10. Bxf6 Bxf6 11. a4 b4 12. Nd5 Rb8 13. 0-0 Na5 14. Nd2 Nxb3 15. Nxb3 c6 16. Nxf6+ Qxf6 17. Qd2 d5 18. Qe3 d4 19. Qg3 Qd6 20. f4 exf4 21. Rxf4 Rd8 22. e5 Qxe5 23. Rxd4 1-0